000 00457cam a22001934a 4500
005 20250605164250.0
008 250528s ||||||||||||||||||||||||d
035 _a21717
020 _a9780312173937
040 _aGR-AtMCL
_bgre
_dGR-AtMCL
_eAACR2
245 1 _aTHE COMMON AGRICULTURAL POLICY
250 _a1
260 _bSt Martin Press,
_c1997
300 _a243
700 1 _aGrant Wyn
_97647
942 _cBK
999 _c6776
_d6776